[Event "NB II. Barcza csoport"]
[Site "Miskolc"]
[Date "2023.10.08"]
[Round "1.8"]
[White "Juhasz, Sandor"]
[Black "Fazekas, Istvan"]
[Result "0-1"]
[WhiteElo "1787"]
[BlackElo "1790"]
[PlyCount "112"]
[EventDate "2023.10.08"]
[EventType "team-tourn"]
[EventRounds "9"]
[EventCountry "HUN"]
[Source "chess.hu"]
[WhiteTeam "DVTK II."]
[BlackTeam "Kazincbarcika VSC"]
[WhiteTeamCountry "HUN"]
[BlackTeamCountry "HUN"]

1. d4 d5 2. Nc3 Nf6 3. Bf4 Bf5 4. f3 Bg6 5. Nb5 Na6 6. a3 e6 7. e3 Nh5 8. Ne2
c6 9. Nbc3 Bd6 10. Bxd6 Qxd6 11. g4 Nf6 12. h4 h6 13. Nf4 Nc7 14. Nxg6 Qg3+ 15.
Ke2 fxg6 16. Qd3 O-O-O 17. Qxg6 Rdf8 18. Rh3 Qg1 19. Re1 Nd7 20. Qd3 e5 21. Kd1
Rf7 22. Be2 Qg2 23. Bf1 Qf2 24. Be2 exd4 25. exd4 Ne6 26. Rhh1 Qxd4 27. Rhf1
Rhf8 28. Kd2 Qf4+ 29. Kd1 Ne5 30. Qd2 Nd4 31. Qxf4 Rxf4 32. Bd3 Ndxf3 33. Bf5+
Kc7 34. Rxe5 Nxe5 35. Rxf4 g6 36. Ne2 gxf5 37. gxf5 Nc4 38. f6 Kd6 39. Ng3 Ke6
40. Nh5 Nxb2+ 41. Ke2 Nc4 42. Rg4 Ne5 43. Rg7 Rf7 44. Ke3 Rxg7 45. fxg7 Kf7 46.
Kf4 Ng6+ 47. Kg4 Ne5+ 48. Kf5 Nc4 49. g8=Q+ Kxg8 50. Kg6 Nxa3 51. Nf6+ Kh8 52.
Kxh6 Nxc2 53. h5 a5 54. Kg6 a4 55. h6 a3 56. h7 a2 0-1

[Event "NB II. Barcza csoport"]
[Site "Miskolc"]
[Date "2023.10.08"]
[Round "1.9"]
[White "Varga, Laszlo"]
[Black "Adam, Zoltan"]
[Result "0-1"]
[WhiteElo "1720"]
[BlackElo "1775"]
[PlyCount "60"]
[EventDate "2023.10.08"]
[EventType "team-tourn"]
[EventRounds "9"]
[EventCountry "HUN"]
[Source "chess.hu"]
[WhiteTeam "Kazincbarcika VSC"]
[BlackTeam "DVTK II."]
[WhiteTeamCountry "HUN"]
[BlackTeamCountry "HUN"]

1. e4 e5 2. f4 d5 3. Nf3 dxe4 4. Nxe5 Nd7 5. d4 exd3 6. Bxd3 Bd6 7. Nc4 Bc5 8.
Qf3 Qe7+ 9. Kd1 Ndf6 10. h3 Qd8 11. Nc3 Ne7 12. Na4 Bd6 13. Nxd6+ Qxd6 14. Nc3
O-O 15. Re1 Bf5 16. Rxe7 Bxd3 17. Qe3 Bf5+ 18. Bd2 Be6 19. Rxe6 Qxe6 20. Qf3 c6
21. g4 Rad8 22. f5 Qd6 23. Qf2 Rfe8 24. Kc1 Ne4 25. Nxe4 Rxe4 26. b4 Qe5 27. c3
Re2 28. Qf4 Qd5 29. f6 Qxd2+ 30. Qxd2 Rdxd2 0-1

[Event "NB II. Barcza csoport"]
[Site "Miskolc"]
[Date "2023.10.08"]
[Round "1.10"]
[White "Herczeg, Benedek"]
[Black "Jonizs, Zoltan"]
[Result "1/2-1/2"]
[WhiteElo "1601"]
[BlackElo "1756"]
[PlyCount "41"]
[EventDate "2023.10.08"]
[EventType "team-tourn"]
[EventRounds "9"]
[EventCountry "HUN"]
[Source "chess.hu"]
[WhiteTeam "DVTK II."]
[BlackTeam "Kazincbarcika VSC"]
[WhiteTeamCountry "HUN"]
[BlackTeamCountry "HUN"]

1. e4 e5 2. Nf3 Nf6 3. Nc3 Nc6 4. Bb5 d6 5. d4 Bd7 6. dxe5 Nxe5 7. Nxe5 dxe5 8.
Bxd7+ Qxd7 9. Bg5 Bb4 10. Qf3 Qg4 11. Qxg4 Nxg4 12. Bd2 O-O-O 13. f3 Nf6 14.
O-O-O c6 15. a3 Bxc3 16. Bxc3 Nd7 17. Rd2 f6 18. Rhd1 Nb6 19. Rxd8+ Rxd8 20.
Rxd8+ Kxd8 21. Ba5 1/2-1/2

[Event "NB II. Barcza csoport"]
[Site "Miskolc"]
[Date "2023.10.08"]
[Round "1.11"]
[White "Elek, Monika"]
[Black "Torok, Vilmos"]
[Result "0-1"]
[WhiteElo "1778"]
[BlackElo "1557"]
[PlyCount "112"]
[EventDate "2023.10.08"]
[EventType "team-tourn"]
[EventRounds "9"]
[EventCountry "HUN"]
[Source "chess.hu"]
[WhiteTeam "Kazincbarcika VSC"]
[BlackTeam "DVTK II."]
[WhiteTeamCountry "HUN"]
[BlackTeamCountry "HUN"]

1. e4 e5 2. Nf3 Nc6 3. Nc3 Nf6 4. d3 h6 5. Be3 Bb4 6. a3 Ba5 7. Be2 d6 8. O-O
Be6 9. b4 Bb6 10. Bxb6 axb6 11. b5 Ne7 12. d4 exd4 13. Nxd4 Qd7 14. f4 Bg4 15.
f5 h5 16. h3 Bxe2 17. Qxe2 O-O-O 18. a4 d5 19. e5 Ne4 20. Nxe4 dxe4 21. c3 Nd5
22. e6 Qd6 23. Qc2 Qc5 24. Rfc1 Nxc3 25. Qxc3 Qxd4+ 26. Kh1 Qxc3 27. Rxc3 fxe6
28. fxe6 Rhe8 29. a5 bxa5 30. Rxa5 Rxe6 31. Ra8+ Kd7 32. Ra7 Rb6 33. Rc5 e3 34.
Ra1 Re6 35. Rcc1 e2 36. Kg1 Rde8 37. Kf2 Rf6+ 38. Ke1 Rf1+ 39. Kd2 Rxc1 40.
Rxc1 Kd6 41. Ke1 Re5 42. Rc2 Rxb5 43. Kxe2 Rd5 44. Kf3 c5 45. Rb2 Kc6 46. Ke4
Rd4+ 47. Kf5 b5 48. Kg6 b4 49. Kxg7 Kb5 50. Kg6 h4 51. Kf5 c4 52. Ke5 Rd8 53.
Kf4 c3 54. Re2 Kc4 55. g4 b3 56. g5 c2 0-1

[Event "NB II. Barcza csoport"]
[Site "Miskolc"]
[Date "2023.10.08"]
[Round "1.12"]
[White "Gyorgy, Balazs"]
[Black "Fazekas, David"]
[Result "1/2-1/2"]
[WhiteElo "1382"]
[BlackElo "1274"]
[PlyCount "30"]
[EventDate "2023.10.08"]
[EventType "team-tourn"]
[EventRounds "9"]
[EventCountry "HUN"]
[Source "chess.hu"]
[WhiteTeam "DVTK II."]
[BlackTeam "Kazincbarcika VSC"]
[WhiteTeamCountry "HUN"]
[BlackTeamCountry "HUN"]

1. e4 e5 2. Bc4 Nf6 3. d3 h6 4. Nf3 Nc6 5. Nc3 Bb4 6. h3 d6 7. Be3 Be6 8. Bb3
O-O 9. O-O Ne7 10. Qd2 Kh7 11. a3 Ba5 12. Kh2 Qd7 13. Qe2 Bxb3 14. cxb3 Bxc3
15. bxc3 Ng6 1/2-1/2

[Event "NB II. Barcza csoport"]
[Site "Debrecen"]
[Date "2023.10.29"]
[Round "2.1"]
[White "Rakaczki, Csaba"]
[Black "Forgacs, Jozsef"]
[Result "0-1"]
[WhiteElo "2103"]
[BlackElo "2218"]
[PlyCount "84"]
[EventDate "2023.10.08"]
[EventType "team-tourn"]
[EventRounds "9"]
[EventCountry "HUN"]
[Source "chess.hu"]
[WhiteTeam "DVTK II."]
[BlackTeam "Karsol-DSBK"]
[WhiteTeamCountry "HUN"]
[BlackTeamCountry "HUN"]

1. e4 g6 2. d4 Bg7 3. Be2 d6 4. h4 h5 5. Nf3 Nd7 6. Ng5 e5 7. d5 Ngf6 8. f3 Qe7
9. c4 c6 10. Nc3 a6 11. Be3 O-O 12. Qd2 cxd5 13. cxd5 b5 14. b4 Bb7 15. Rc1
Rfc8 16. O-O Qd8 17. a4 bxa4 18. Nxa4 Rxc1 19. Rxc1 Rc8 20. Bd3 Rxc1+ 21. Qxc1
Bf8 22. Qf1 Qc8 23. g4 Be7 24. Qg2 Nf8 25. gxh5 Nxh5 26. Kh2 Nh7 27. Nb6 Qd8
28. Nc4 Nxg5 29. Bxg5 Bxg5 30. Qxg5 Qc7 31. Bf1 Bc8 32. Ne3 Nf4 33. Nf5 Qc2+
34. Kg1 Qc1 35. Qf6 Bxf5 36. exf5 Qe3+ 37. Kh1 Qxf3+ 38. Kg1 Qg3+ 39. Kh1 Qf3+
40. Kg1 Qe3+ 41. Kh1 Qe1 42. Kg1 Ne2+ 0-1

[Event "NB II. Barcza csoport"]
[Site "Debrecen"]
[Date "2023.10.29"]
[Round "2.2"]
[White "Cselenyi, Balazs"]
[Black "Farkas, Istvan"]
[Result "0-1"]
[WhiteElo "2096"]
[BlackElo "2019"]
[PlyCount "50"]
[EventDate "2023.10.08"]
[EventType "team-tourn"]
[EventRounds "9"]
[EventCountry "HUN"]
[Source "chess.hu"]
[WhiteTeam "Karsol-DSBK"]
[BlackTeam "DVTK II."]
[WhiteTeamCountry "HUN"]
[BlackTeamCountry "HUN"]

1. d4 d5 2. c4 e6 3. Nc3 Nf6 4. Nf3 Be7 5. Bg5 O-O 6. e3 Nbd7 7. Rc1 dxc4 8.
Bxc4 c5 9. O-O a6 10. a4 h6 11. Bh4 cxd4 12. exd4 Nb6 13. Bd3 Bd7 14. Ne5 Rc8
15. Bb1 Be8 16. Qd3 g6 17. Ba2 Kg7 18. Rfd1 Nbd5 19. Nxd5 Rxc1 20. Rxc1 Nxd5
21. Bxd5 Bxh4 22. Bf3 Bf6 23. Qe4 Qb6 24. h3 Bxa4 25. Qf4 Bg5 0-1

[Event "NB II. Barcza csoport"]
[Site "Debrecen"]
[Date "2023.10.29"]
[Round "2.3"]
[White "Kemendi, Daniel"]
[Black "Bodnar, Mate"]
[Result "1/2-1/2"]
[WhiteElo "1883"]
[BlackElo "2023"]
[PlyCount "98"]
[EventDate "2023.10.08"]
[EventType "team-tourn"]
[EventRounds "9"]
[EventCountry "HUN"]
[Source "chess.hu"]
[WhiteTeam "DVTK II."]
[BlackTeam "Karsol-DSBK"]
[WhiteTeamCountry "HUN"]
[BlackTeamCountry "HUN"]

1. e4 Nf6 2. e5 Nd5 3. c4 Nb6 4. c5 Nd5 5. Nc3 Nxc3 6. bxc3 d6 7. cxd6 exd6 8.
exd6 Bxd6 9. Nf3 O-O 10. Be2 Bg4 11. O-O Nc6 12. d4 Ne7 13. Re1 Nd5 14. Qc2 Bf4
15. c4 Bxc1 16. Qxc1 Nb6 17. Qc3 Re8 18. a4 Bxf3 19. Bxf3 Rxe1+ 20. Rxe1 Nxa4
21. Qa3 Nb6 22. Bxb7 Nxc4 23. Qc5 Rb8 24. Qxa7 Nd6 25. Bc6 h6 26. h3 Rb2 27.
Qa3 Rb6 28. Qf3 Qg5 29. Ra1 Qf6 30. Ra8+ Kh7 31. Qxf6 gxf6 32. d5 Nb5 33. Ra5
Nd4 34. Be8 Kg7 35. Ra7 Kf8 36. Ra8 Ke7 37. Rc8 Rd6 38. Bc6 Nxc6 39. Rxc7+ Rd7
40. Rxd7+ Kxd7 41. dxc6+ Kxc6 42. Kh2 Kd5 43. Kg3 Ke4 44. Kg4 Kd3 45. Kf5 Ke2
46. Kxf6 Kxf2 47. Kxf7 Kxg2 48. h4 Kg3 49. h5 Kf4 1/2-1/2

[Event "NB II. Barcza csoport"]
[Site "Debrecen"]
[Date "2023.10.29"]
[Round "2.4"]
[White "Kelemen, Imre"]
[Black "Laszlo, Zoltan"]
[Result "1/2-1/2"]
[WhiteElo "2012"]
[BlackElo "1831"]
[PlyCount "24"]
[EventDate "2023.10.08"]
[EventType "team-tourn"]
[EventRounds "9"]
[EventCountry "HUN"]
[Source "chess.hu"]
[WhiteTeam "Karsol-DSBK"]
[BlackTeam "DVTK II."]
[WhiteTeamCountry "HUN"]
[BlackTeamCountry "HUN"]

1. Nf3 c5 2. e4 a6 3. d4 cxd4 4. c3 d5 5. Qxd4 e6 6. Bg5 f6 7. Bh4 Nc6 8. Qa4
dxe4 9. Qxe4 g5 10. Bxg5 fxg5 11. Bc4 Nf6 12. Qe2 h6 1/2-1/2

[Event "NB II. Barcza csoport"]
[Site "Debrecen"]
[Date "2023.10.29"]
[Round "2.5"]
[White "Lorincz, Otto"]
[Black "Botragyi, Tibor"]
[Result "0-1"]
[WhiteElo "1848"]
[BlackElo "1971"]
[PlyCount "86"]
[EventDate "2023.10.08"]
[EventType "team-tourn"]
[EventRounds "9"]
[EventCountry "HUN"]
[Source "chess.hu"]
[WhiteTeam "DVTK II."]
[BlackTeam "Karsol-DSBK"]
[WhiteTeamCountry "HUN"]
[BlackTeamCountry "HUN"]

1. Nf3 Nf6 2. d4 g6 3. c4 Bg7 4. Nc3 d5 5. e3 O-O 6. Bd3 c5 7. cxd5 Nxd5 8. Bc4
Nxc3 9. bxc3 Qc7 10. Qb3 Nc6 11. Be2 Be6 12. Qb2 Bd5 13. O-O cxd4 14. exd4 e5
15. Be3 Rad8 16. Rac1 f5 17. dxe5 b6 18. Bg5 Rde8 19. Bf6 Nxe5 20. Bxe5 Bxe5
21. Nxe5 Qxe5 22. Bd3 Bxg2 23. Bc4+ Kg7 24. Rfe1 Be4 25. Bb5 Qf4 26. Re3 Rd8
27. Qe2 Qg5+ 28. Kf1 Qg2+ 29. Ke1 Qg1+ 30. Qf1 Qxh2 31. Ke2 Rd6 32. Rd1 Qh5+
33. f3 Qh2+ 34. Qf2 Qxf2+ 35. Kxf2 Rxd1 36. fxe4 fxe4+ 37. Ke2 Rd5 38. c4 Re5
39. Bc6 g5 40. Bxe4 Rfe8 41. Kf3 Kf6 42. Re2 h5 43. a4 h4 0-1

[Event "NB II. Barcza csoport"]
[Site "Debrecen"]
[Date "2023.10.29"]
[Round "2.6"]
[White "Szakaly, Balazs"]
[Black "Adam, Zoltan"]
[Result "1/2-1/2"]
[WhiteElo "2071"]
[BlackElo "1775"]
[PlyCount "44"]
[EventDate "2023.10.08"]
[EventType "team-tourn"]
[EventRounds "9"]
[EventCountry "HUN"]
[Source "chess.hu"]
[WhiteTeam "Karsol-DSBK"]
[BlackTeam "DVTK II."]
[WhiteTeamCountry "HUN"]
[BlackTeamCountry "HUN"]

1. e4 c6 2. d4 d5 3. exd5 cxd5 4. c4 Nf6 5. Nc3 Nc6 6. Nf3 Bg4 7. cxd5 Nxd5 8.
Qb3 Bxf3 9. gxf3 e6 10. Qxb7 Nxd4 11. Bb5+ Nxb5 12. Qc6+ Ke7 13. Qxb5 Nxc3 14.
bxc3 Qd5 15. Qxd5 exd5 16. Be3 Ke6 17. Rg1 Be7 18. Bd4 Bf6 19. Bxf6 Kxf6 20.
Rb1 Rhc8 21. Kd2 Rc5 22. Rg4 Rac8 1/2-1/2

[Event "NB II. Barcza csoport"]
[Site "Debrecen"]
[Date "2023.10.29"]
[Round "2.7"]
[White "Revai, Akos"]
[Black "Dani, Peter"]
[Result "1-0"]
[WhiteElo "1590"]
[BlackElo "1951"]
[PlyCount "102"]
[EventDate "2023.10.08"]
[EventType "team-tourn"]
[EventRounds "9"]
[EventCountry "HUN"]
[Source "chess.hu"]
[WhiteTeam "DVTK II."]
[BlackTeam "Karsol-DSBK"]
[WhiteTeamCountry "HUN"]
[BlackTeamCountry "HUN"]

1. e4 c5 2. Nf3 Nc6 3. Nc3 g6 4. Bc4 e6 5. d4 cxd4 6. Nxd4 a6 7. Be3 Bg7 8. O-O
Nf6 9. Nxc6 bxc6 10. e5 Nd5 11. Bxd5 cxd5 12. f4 d6 13. Bd4 O-O 14. Qe2 Rb8 15.
Nd1 Bd7 16. Qe3 dxe5 17. fxe5 f5 18. Bc5 Rf7 19. Kh1 Rc8 20. b4 Qc7 21. Re1 f4
22. Qc3 Rf5 23. Bd4 Qb8 24. Qb2 Rc4 25. c3 Bxe5 26. Nf2 Bxd4 27. cxd4 Qxb4 28.
Qxb4 Rxb4 29. Ng4 Rxd4 30. Rab1 Kf8 31. Ne5 Bb5 32. Nf3 Re4 33. Rec1 g5 34. Rc7
g4 35. Nd2 Re2 36. Nb3 e5 37. a4 Bd3 38. Rbc1 Bc4 39. Nc5 Ke8 40. Rb1 Bb5 41.
axb5 Rf6 42. bxa6 Rb6 43. Rc1 Rc2 44. Rg1 f3 45. a7 Ra2 46. Rc8+ Ke7 47. a8=Q
Rxa8 48. Rxa8 f2 49. Rf1 e4 50. Ra2 e3 51. Re2 d4 1-0

[Event "NB II. Barcza csoport"]
[Site "Debrecen"]
[Date "2023.10.29"]
[Round "2.8"]
[White "Szabo, Levente Edward"]
[Black "Torok, Vilmos"]
[Result "0-1"]
[WhiteElo "1884"]
[BlackElo "1557"]
[PlyCount "172"]
[EventDate "2023.10.08"]
[EventType "team-tourn"]
[EventRounds "9"]
[EventCountry "HUN"]
[Source "chess.hu"]
[WhiteTeam "Karsol-DSBK"]
[BlackTeam "DVTK II."]
[WhiteTeamCountry "HUN"]
[BlackTeamCountry "HUN"]

1. d4 d5 2. Nc3 Nf6 3. Bf4 a6 4. e3 e6 5. Nf3 Bb4 6. Bd3 Ne4 7. Bxe4 dxe4 8.
Ng5 Bxc3+ 9. bxc3 b5 10. Nxe4 Bb7 11. Nc5 Bc6 12. Qg4 g6 13. Be5 Rg8 14. Qg3
Ra7 15. Bf4 Nd7 16. Nxd7 Qxd7 17. O-O Qe7 18. f3 g5 19. e4 Rg6 20. Be3 Ra8 21.
Rad1 Bb7 22. Qf2 g4 23. d5 gxf3 24. Qxf3 e5 25. Qh5 f6 26. Rf2 Qf7 27. Qf3 Rd8
28. Rfd2 Bc8 29. d6 c6 30. Qf2 Bg4 31. d7+ Rxd7 32. Rxd7 Bxd7 33. Qd2 Qe6 34.
Bf2 Qg4 35. Bg3 h5 36. h3 Qe6 37. Qe3 Qxa2 38. Kh2 Qe6 39. Rd2 a5 40. Qb6 a4
41. Qb8+ Ke7 42. Qa7 Rg7 43. c4 Kf8 44. Qb8+ Kf7 45. Qh8 Kg6 46. Qd8 a3 47. Qa5
Qxc4 48. Qxa3 Qxe4 49. h4 Be6 50. Qd6 Bd5 51. Rf2 Rf7 52. Qd8 Kg7 53. Qd6 Qg4
54. Qc5 Qe6 55. Qe3 b4 56. Qe2 Qg4 57. Qe3 Qe4 58. Qd2 Qd4 59. Qe2 Kg6 60. Qa6
f5 61. Qc8 f4 62. Qg8+ Rg7 63. Qe8+ Bf7 64. Qxc6+ Kh7 65. Bxf4 Qxf2 66. Bg5 Qf5
67. Qh6+ Kg8 68. Qd6 Qxc2 69. Qxb4 Qf5 70. Qd2 Rg6 71. Qa5 Re6 72. Qc5 Qg6 73.
Qc8+ Re8 74. Qc5 e4 75. Be3 Qg4 76. g3 Be6 77. Bf4 Qe2+ 78. Kg1 Qg4 79. Qe5 Qg7
80. Qxe4 Bf7 81. Qb4 Qa1+ 82. Kf2 Qa7+ 83. Kf1 Qa6+ 84. Kf2 Qa2+ 85. Kg1 Qe2
86. Bc1 Qd1+ 0-1

[Event "NB II. Barcza csoport"]
[Site "Debrecen"]
[Date "2023.10.29"]
[Round "2.9"]
[White "Balogh, Borbala"]
[Black "Szava, Miklos"]
[Result "0-1"]
[WhiteElo "1478"]
[BlackElo "1923"]
[PlyCount "46"]
[EventDate "2023.10.08"]
[EventType "team-tourn"]
[EventRounds "9"]
[EventCountry "HUN"]
[Source "chess.hu"]
[WhiteTeam "DVTK II."]
[BlackTeam "Karsol-DSBK"]
[WhiteTeamCountry "HUN"]
[BlackTeamCountry "HUN"]

1. Nf3 c5 2. d3 Nc6 3. g3 e5 4. Nbd2 f5 5. e4 d6 6. Bg2 Nf6 7. b3 Be7 8. Bb2
O-O 9. O-O f4 10. c3 Bg4 11. Qc2 Qd7 12. Rfe1 Rac8 13. Rac1 Nh5 14. a3 Bh3 15.
Bh1 Qg4 16. Bg2 fxg3 17. hxg3 Bxg2 18. Kxg2 Nf4+ 19. Kg1 Qh3 20. gxf4 Rxf4 21.
Nh2 Rxf2 22. Kxf2 Qxh2+ 23. Ke3 Bg5+ 0-1

[Event "NB II. Barcza csoport"]
[Site "Debrecen"]
[Date "2023.10.29"]
[Round "2.10"]
[White "Borbely, Zsombor"]
[Black "Halmai, Attila"]
[Result "1-0"]
[WhiteElo "1691"]
[BlackElo "1578"]
[PlyCount "139"]
[EventDate "2023.10.08"]
[EventType "team-tourn"]
[EventRounds "9"]
[EventCountry "HUN"]
[Source "chess.hu"]
[WhiteTeam "Karsol-DSBK"]
[BlackTeam "DVTK II."]
[WhiteTeamCountry "HUN"]
[BlackTeamCountry "HUN"]

1. Nf3 d5 2. d4 Nf6 3. c4 dxc4 4. Nc3 e6 5. e3 Be7 6. Bxc4 O-O 7. O-O a6 8. a4
c5 9. e4 cxd4 10. Nxd4 Qc7 11. Qe2 Nc6 12. Nxc6 bxc6 13. Be3 e5 14. Rfc1 Bb7
15. Rc2 Rfc8 16. Rac1 Qa5 17. b3 h6 18. Qf3 Rf8 19. Qe2 Rfe8 20. f3 Bc5 21. Qf2
Bxe3 22. Qxe3 Kf8 23. Rb2 c5 24. Rd2 Rad8 25. Rcd1 Rd4 26. Ne2 Rxd2 27. Rxd2
Qc7 28. Nc3 Kg8 29. Nd5 Nxd5 30. Bxd5 Bxd5 31. Rxd5 Rc8 32. Qc3 f6 33. Qc4 Kh7
34. Qxa6 c4 35. bxc4 Qxc4 36. Qxc4 Rxc4 37. a5 Ra4 38. Kf1 Kg6 39. Ke2 Kf7 40.
Kd3 Ke6 41. Kc3 f5 42. Kb3 Ra1 43. Rb5 fxe4 44. fxe4 Re1 45. a6 Ra1 46. Rb6+
Kd7 47. Kc4 Kc7 48. Rg6 Kb8 49. Rxg7 Rxa6 50. Kd5 Ra5+ 51. Ke6 Kc8 52. Rg6 Kd8
53. Kf5 h5 54. Rg5 h4 55. Kg4 Ra2 56. Kxh4 Kd7 57. Kh5 Ke6 58. Kg6 Re2 59. Rg4
Rf2 60. h4 Rf8 61. Rg5 Rf4 62. h5 Rxe4 63. h6 Rf4 64. h7 Rf8 65. Kg7 Re8 66.
h8=Q Rxh8 67. Kxh8 Kf6 68. Rg8 e4 69. Re8 Kf5 70. g4+ 1-0

[Event "NB II. Barcza csoport"]
[Site "Debrecen"]
[Date "2023.10.29"]
[Round "2.11"]
[White "Gyorgy, Balazs"]
[Black "Kovacs, Gergely"]
[Result "1-0"]
[WhiteElo "1382"]
[BlackElo "1516"]
[PlyCount "59"]
[EventDate "2023.10.08"]
[EventType "team-tourn"]
[EventRounds "9"]
[EventCountry "HUN"]
[Source "chess.hu"]
[WhiteTeam "DVTK II."]
[BlackTeam "Karsol-DSBK"]
[WhiteTeamCountry "HUN"]
[BlackTeamCountry "HUN"]

1. e4 c6 2. d4 d5 3. exd5 cxd5 4. Bd3 Nc6 5. c3 a6 6. Be3 Nf6 7. h3 Bd7 8. Nf3
e6 9. Nbd2 Bd6 10. Qc2 Rc8 11. a3 h6 12. Rc1 O-O 13. O-O Na5 14. Rfe1 b5 15. b4
Nc4 16. Qa2 a5 17. Nxc4 bxc4 18. Bb1 Ra8 19. Qd2 axb4 20. axb4 Qc7 21. Bxh6 Ne4
22. Bxe4 dxe4 23. Rxe4 f5 24. Rh4 Rf6 25. Bf4 Bc6 26. Bxd6 Qxd6 27. Ne5 Bb7 28.
f3 Qd5 29. Qg5 Ra2 30. Qh5 1-0

[Event "NB II. Barcza csoport"]
[Site "Debrecen"]
[Date "2023.10.29"]
[Round "2.12"]
[White "Bekesi, Aron"]
[Black "Toth, Kinga"]
[Result "1-0"]
[WhiteElo "1480"]
[BlackElo "1349"]
[PlyCount "67"]
[EventDate "2023.10.08"]
[EventType "team-tourn"]
[EventRounds "9"]
[EventCountry "HUN"]
[Source "chess.hu"]
[WhiteTeam "Karsol-DSBK"]
[BlackTeam "DVTK II."]
[WhiteTeamCountry "HUN"]
[BlackTeamCountry "HUN"]

1. e4 c5 2. d4 cxd4 3. c3 d3 4. Bxd3 Nc6 5. Nf3 e6 6. Be3 d6 7. O-O Be7 8. Nd4
Nf6 9. f4 Nd7 10. Nd2 O-O 11. Rf3 Kh8 12. Rh3 g6 13. N2f3 e5 14. Nxc6 bxc6 15.
f5 Nf6 16. Bh6 Ng4 17. Bxf8 Bxf8 18. Qe2 d5 19. Rf1 Qb6+ 20. Kh1 dxe4 21. Bxe4
Ba6 22. c4 Ne3 23. fxg6 fxg6 24. Bxg6 h6 25. Bd3 Nxf1 26. Qxf1 Qxb2 27. Ng5 e4
28. Qf5 Qg7 29. Nf7+ Kg8 30. Nxh6+ Qxh6 31. Rxh6 Bxh6 32. Bxe4 Rd8 33. Qh7+ Kf8
34. Qxh6+ 1-0

[Event "NB II. Barcza csoport"]
[Site "Miskolc"]
[Date "2023.10.29"]
[Round "2.1"]
[White "Gal, Jozsef Istvan"]
[Black "Kassay, Lilla"]
[Result "1-0"]
[WhiteElo "2260"]
[BlackElo "2051"]
[PlyCount "83"]
[EventDate "2023.10.08"]
[EventType "team-tourn"]
[EventRounds "9"]
[EventCountry "HUN"]
[Source "chess.hu"]
[WhiteTeam "Hajduboszormenyi SE"]
[BlackTeam "M.Sportisk-KisBocsok"]
[WhiteTeamCountry "HUN"]
[BlackTeamCountry "HUN"]

1. e4 c6 2. d4 d5 3. exd5 cxd5 4. c4 Nc6 5. Nf3 Nf6 6. Nc3 e6 7. Bd3 dxc4 8.
Bxc4 a6 9. O-O b5 10. Bb3 Be7 11. d5 exd5 12. Nxd5 Nxd5 13. Qxd5 Qxd5 14. Bxd5
Bb7 15. Ne5 Nxe5 16. Bxb7 Ra7 17. Be4 O-O 18. Bf4 Bf6 19. Rac1 Re8 20. b3 g6
21. Rfd1 Rae7 22. h3 Kg7 23. g3 g5 24. Be3 Ng4 25. hxg4 Rxe4 26. Kg2 h6 27. Kf3
R4e6 28. Rd5 Kg6 29. Rc7 R8e7 30. Rxe7 Bxe7 31. a4 bxa4 32. bxa4 Bb4 33. a5 Rc6
34. Bb6 Rc3+ 35. Ke4 Rc2 36. Rd8 Rc6 37. Ra8 Be1 38. f4 Kh7 39. Bd4 gxf4 40.
gxf4 Bxa5 41. Rh8+ Kg6 42. Rg8+ 1-0

[Event "NB II. Barcza csoport"]
[Site "Miskolc"]
[Date "2023.10.29"]
[Round "2.2"]
[White "Csendi, Balazs"]
[Black "Leviczky, Tibor"]
[Result "0-1"]
[WhiteElo "2067"]
[BlackElo "2280"]
[PlyCount "110"]
[EventDate "2023.10.08"]
[EventType "team-tourn"]
[EventRounds "9"]
[EventCountry "HUN"]
[Source "chess.hu"]
[WhiteTeam "M.Sportisk-KisBocsok"]
[BlackTeam "Hajduboszormenyi SE"]
[WhiteTeamCountry "HUN"]
[BlackTeamCountry "HUN"]

1. e4 c5 2. Nf3 e6 3. d4 cxd4 4. Nxd4 a6 5. Nc3 Qc7 6. Be2 Nf6 7. Qd3 d6 8. O-O
Nbd7 9. f4 Be7 10. Qg3 Qb6 11. Be3 Qxb2 12. Bf2 Qa3 13. Rab1 Qa5 14. Bc4 g6 15.
Be1 Qc5 16. Qd3 b5 17. Bxe6 fxe6 18. Bf2 Qc4 19. Qxc4 bxc4 20. Nxe6 Rb8 21. Bd4
Rxb1 22. Rxb1 Rg8 23. e5 dxe5 24. fxe5 Ng4 25. Nc7+ Kf8 26. e6 Bc5 27. Rf1+ Ke7
28. Rf4 Bxd4+ 29. Rxd4 Ndf6 30. Rxc4 Bxe6 31. Nxe6 Kxe6 32. Rc6+ Ke7 33. Rxa6
Rc8 34. Ra3 Ne3 35. Ne4 Nfd5 36. c3 h6 37. Ra6 Rc4 38. Nd2 Rxc3 39. Rxg6 Rc2
40. Ne4 Nf4 41. Rxh6 Rc1+ 42. Kf2 Ng4+ 43. Kf3 Nxh6 44. Kxf4 Rc2 45. Kf3 Rxa2
46. h3 Ke6 47. Nf2 Nf5 48. g4 Nd4+ 49. Kg3 Ke5 50. Nd3+ Ke4 51. Nf2+ Ke3 52.
Nd1+ Kd2 53. Nf2 Ne2+ 54. Kf3 Ra3+ 55. Ke4 Re3+ 0-1

[Event "NB II. Barcza csoport"]
[Site "Miskolc"]
[Date "2023.10.29"]
[Round "2.3"]
[White "Toth, Tamas"]
[Black "Vanczak, Attila"]
[Result "1/2-1/2"]
[WhiteElo "2206"]
[BlackElo "2135"]
[PlyCount "59"]
[EventDate "2023.10.08"]
[EventType "team-tourn"]
[EventRounds "9"]
[EventCountry "HUN"]
[Source "chess.hu"]
[WhiteTeam "Hajduboszormenyi SE"]
[BlackTeam "M.Sportisk-KisBocsok"]
[WhiteTeamCountry "HUN"]
[BlackTeamCountry "HUN"]

1. e4 c5 2. Nf3 e6 3. d4 cxd4 4. Nxd4 Nc6 5. Nxc6 bxc6 6. Bd3 Nf6 7. O-O d6 8.
Nd2 Be7 9. h3 Qc7 10. f4 d5 11. Qe2 O-O 12. b3 Nd7 13. c4 Re8 14. Bb2 Bf6 15.
e5 Be7 16. Rac1 Qa5 17. f5 exf5 18. Bxf5 Bg5 19. e6 Nf6 20. Bxf6 Bxf6 21. exf7+
Kxf7 22. Qh5+ Kf8 23. Bxc8 Raxc8 24. Nf3 Kg8 25. cxd5 Qxd5 26. Qg4 Qe6 27. Qa4
Qe3+ 28. Kh1 Qb6 29. Rc2 Qb5 30. Qc4+ 1/2-1/2

[Event "NB II. Barcza csoport"]
[Site "Miskolc"]
[Date "2023.10.29"]
[Round "2.4"]
[White "Zelena, Tamas"]
[Black "Ballai, Zsolt"]
[Result "1/2-1/2"]
[WhiteElo "1925"]
[BlackElo "2229"]
[PlyCount "55"]
[EventDate "2023.10.08"]
[EventType "team-tourn"]
[EventRounds "9"]
[EventCountry "HUN"]
[Source "chess.hu"]
[WhiteTeam "M.Sportisk-KisBocsok"]
[BlackTeam "Hajduboszormenyi SE"]
[WhiteTeamCountry "HUN"]
[BlackTeamCountry "HUN"]

1. e4 c5 2. Nf3 d6 3. d4 cxd4 4. Nxd4 Nf6 5. Nc3 a6 6. Bg5 e6 7. f4 Be7 8. Qf3
h6 9. Bxf6 Bxf6 10. O-O-O Qb6 11. Nb3 Qc7 12. e5 dxe5 13. Ne4 exf4 14. Nxf6+
gxf6 15. g3 Nc6 16. Bg2 Nb4 17. c3 Nd5 18. Rhe1 Ne3 19. Rxe3 fxe3 20. Qxe3 Qe5
21. Qf2 O-O 22. h4 f5 23. Nc5 Rb8 24. Nd3 Qa5 25. Qf4 Bd7 26. Qxh6 Qxa2 27.
Qg5+ Kh7 28. Qh5+ 1/2-1/2